02063cam a22003375a 4500001001300000003000400013005001700017008004100034020003100075040005000106082002100156245008200177250001200259260005700271300003400328500002400362504004100386505057600427650005301003651001001056653002301066655002401089700003901113700003001152776014601182942000801328999001701336952013401353952011901487952011901606ocn852899276OSt20151015131151.0130716t2014 flua frbf 001 0 eng d z9781439889640 (alk. paper) aN$TbengcN$TdYDXCPdCUVdMBBdIULdEG-ScBUE04a628.161bHAN22200aHandbook of water analysis /ceditors Leo M. L. Nollet, Leen S. P. De Gelder. a3rd ed. aBoca Raton :bCRC Press / Taylor & Francis,cc.2014. axvi, 979 p. :bill. ;c24 cm. aIndex : p. 943-979. aIncludes bibliographical references.0 aSection I. Sampling and data treatment methods -- section II. Radioanalytical analysis -- section III. Organoleptical analysis -- section IV. Analysis of biological parameters -- section V. Halogens, N-compounds, and phosphates -- section. VI. Cyanides, asbestos, metals, and Si-compounds -- section VII. Organic parameters -- section VIII. Phenolic and humic compounds -- section IX. Residues of pesticides -- section X. Residues of PCBs, PCDDs, PCDFS, and PAHs -- section XI. Surfactants and petroleum hydrocarbon analysis -- section XII. EDCs and residues of plastics. 0aWaterxAnalysisvHandbooks, manuals, etc.2BUEsh 2BUEsh bPPhrmcOctober2015 vReading book9342321 aNollet, Leo M. L.,d1948-eeditor.1 aDe Gelder, Leen,eeditor.08iPrint version:tHandbook of water analysis.b3rd ed.dBoca Raton : Taylor & Francis, 2013z9781439889640w(DLC) 2013020078w(OCoLC)845349966 2ddc c20917d20889 00102ddc40708BaccahaMAINbMAINc1STd2015-10-15ePurchasel1m1o628.161 HANp000039926r2025-07-15 00:00:00s2022-05-21yBB 00102ddc40708BaccahaMAINbMAINc1STd2015-10-15ePurchasel0o628.161 HANp000039927r2025-07-15 00:00:00yBB 00102ddc40708BaccahaMAINbMAINc1STd2015-10-15ePurchasel0o628.161 HANp000039894r2025-07-15 00:00:00yBB